Normal view
MARC view
Entry Topical Term
001 - CONTROL NUMBER
- control field: 77413
003 - CONTROL NUMBER IDENTIFIER
- control field: OSt
005 - DATE AND TIME OF LATEST TRANSACTION
- control field: 20191203122432.0
008 - FIXED-LENGTH DATA ELEMENTS
- fixed length control field: 191203|| aca||aabn | a|a d
040 ## - CATALOGING SOURCE
- Original cataloging agency: OSt
- Transcribing agency: OSt
150 ## - HEADING--TOPICAL TERM
- Topical term or geographic name entry element: काव्यसमीक्षा
670 ## - SOURCE DATA FOUND
- Source citation: Work cat.: (OSt): अवस्थी ,डॉ .मीनू 77412, आचार्य कवि गंगाधर द्विजगंग व्यक्ति और रचनाकार , 2014









